Famous Red-Heads - Statistics

General Stats
  • This quiz has been taken 81 times
  • The average score is 9 of 20
Answer Stats
Clue Answer % Correct
Married Meghan Merkel in 2018 Prince Harry
88%
"Shape of You" and "Thinking Out Loud" singer Ed Sheeran
85%
Dutch painter who cut part of his own ear off Vincent Van Gogh
82%
"The Virgin Queen" Elizabeth I
73%
Australian acrtess. Former spouse of Tom Cruise and current spouse of Keith Urban Nicole Kidman
72%
Lead vocalist of "Guns n' Roses" Axl Rose
61%
Wife of Ozzy Osbourne and former judge on shows such as "The X Factor" and "America's Got Talent" Sharon Osbourne
61%
50's, 60's comedian famous for shows such as "I Love Lucy" Lucille Ball
58%
"Harry Potter" actor portraying the character "Ron Weasley" Rupert Grint
51%
Scottish knight who became one of the main leaders during the First War of Scottish Independence William Wallace
40%
Female country singer who has sold 80 million records worldwide Reba McEntire
39%
American martial artist starring in films such as "The Delta Force" Chuck Norris
36%
Grand-nephew of President John F. Kennedy and U.S. Representative for Massachusetts's 4th congressional district Joseph Kennedy III
36%
Actor who has appeared in the "Austin Powers" franchise and voices Chris Griffen in "Family Guy" Seth Green
33%
Portrays "Mitchell Pritchett" in "Modern Family" Jesse Tyler Ferguson
24%
Omani-born Australian actress featuring in films such as "Wedding Crashers" and "The Great Gatsby" Isla Fisher
22%
First female Prime Minister of Australia Julia Gillard
22%
Famous singer of hits such as "Cornflake Girl" and "Silent All These Years" Tori Amos
19%
"Pulp Fiction" actress and comedian appearing in her series "My Life on the D-List" Kathy Griffin
16%
"Jurassic Park" and " Hunger Games" actress Julianne Moore
15%
No matching quizzes found
Score Distribution
Percent of People with Each Score
Percentile by Number Answered
Your Score History
You have not taken this quiz